<?xml version="1.0" encoding="UTF-8"?>
<marc:record xmlns:marc="http://www.loc.gov/MARC21/slim">
   <marc:leader>00000nam a2200000 a 4500</marc:leader>
   <marc:datafield ind1="1" ind2=" " tag="100">
      <marc:subfield code="a">Kern, Doris</marc:subfield>
      <marc:subfield code="4">aut</marc:subfield>
      <marc:subfield code="e">Verfasser/-in</marc:subfield>
   </marc:datafield>
   <marc:datafield ind1="0" ind2="0" tag="245">
      <marc:subfield code="a">Natürlich sauber</marc:subfield>
   </marc:datafield>
   <marc:datafield ind1="0" ind2="0" tag="245">
      <marc:subfield code="b">Von der Asche bis zur Zitrone: Putzmittel einfach selber machen</marc:subfield>
   </marc:datafield>
   <marc:datafield ind1="0" ind2="0" tag="245">
      <marc:subfield code="c">Kern, Doris</marc:subfield>
   </marc:datafield>
   <marc:datafield ind1=" " ind2="1" tag="264">
      <marc:subfield code="a">Elsbethen</marc:subfield>
      <marc:subfield code="b">Servus</marc:subfield>
      <marc:subfield code="c">2024</marc:subfield>
   </marc:datafield>
   <marc:datafield ind1=" " ind2=" " tag="250">
      <marc:subfield code="a">1. Auflage</marc:subfield>
   </marc:datafield>
   <marc:datafield ind1="1" ind2=" " tag="520">
      <marc:subfield code="a">Blitzblank und mit Zitronenduft

Putzmittel selber machen und wissen, was wirklich drinnen ist: Doris Kern zeigt, wie es geht – mit Kreativität und viel Umweltbewusstsein.

Das eigene Zuhause – gemütlich und sauber soll es sein, und dafür muss es regelmäßig gepflegt werden. Viele Menschen wünschen sich natürliche, nachhaltige und umweltfreundliche Alternativen zu den herkömmlichen Reinigungsmitteln aus der Drogerie. Kräuterexpertin Doris Kern verrät Tipps und Tricks, wie man sein Zuhause in eine gesunde Wohlfühloase verwandelt. In »Natürlich sauber« öffnet sie ihren Vorratsschrank und findet darin viele Zutaten wie Essig, Natron und Zitrone, die Fett und Schmutz den Kampf ansagen. In zahlreichen Rezepten und Anleitungen zeigt sie, wie man Putzmittel ganz einfach selber macht und so nur gute Inhaltsstoffe für die Pflege der eigenen vier Wände zum Einsatz kommen. Für mehr Kreativität und Nachhaltigkeit beim Hausputz.</marc:subfield>
   </marc:datafield>
   <marc:datafield ind1=" " ind2=" " tag="020">
      <marc:subfield code="a">9783710403224</marc:subfield>
      <marc:subfield code="9">9783710403224</marc:subfield>
   </marc:datafield>
   <marc:datafield ind1=" " ind2=" " tag="020">
      <marc:subfield code="a">3710403227</marc:subfield>
      <marc:subfield code="9">3710403227</marc:subfield>
   </marc:datafield>
   <marc:datafield ind1=" " ind2=" " tag="041">
      <marc:subfield code="a">ger</marc:subfield>
   </marc:datafield>
   <marc:datafield ind1=" " ind2=" " tag="300">
      <marc:subfield code="b">mit zahlreichen farbigen Abbildungen</marc:subfield>
   </marc:datafield>
   <marc:datafield ind1=" " ind2=" " tag="338">
      <marc:subfield code="a">Band</marc:subfield>
   </marc:datafield>
   <marc:datafield ind1=" " ind2=" " tag="300">
      <marc:subfield code="a">128 Seiten</marc:subfield>
   </marc:datafield>
</marc:record>
